[Event "S.W.I.F.T. tournament"]
[Site "Brussels"]
[Date "1992.07.??"]
[Round "1.1"]
[White "Yussupov, Artur Mayakovich"]
[Black "Winants, Luc"]
[Result "1-0"]
[WhiteElo "2640"]
[WhiteTitle "GM"]
[BlackElo "2505"]
[BlackTitle "IM"]
[Source "NICBase"]

1. d4 Nf6 2. c4 e6 3. g3 Bb4+ 4. Bd2 Qe7 5. Bg2 Nc6 6. Nf3 Bxd2+ 7. Nbxd2 d6
8. O-O O-O 9. e4 e5 10. d5 Nb8 11. Ne1 a5 12. Nd3 Na6 13. a3 Bg4 14. f3 Bd7
15. b4 c6 16. bxa5 cxd5 17. cxd5 Bb5 18. Qb3 Bxd3 19. Qxd3 Nc5 20. Qc3 Nfd7
21. Bh3 g6 22. Bxd7 Qxd7 23. Nc4 Qe7 24. Rac1 Rac8 25. Qe3 Rc7 26. Rc2 Nd7
27. Rfc1 Rfc8 28. Rc3 Kg7 29. Kg2 h6 30. h4 Rc5 31. Nd2 Rxc3 32. Rxc3 Rxc3
33. Qxc3 Nc5 34. Nc4 g5 35. Ne3 Qd7 36. Nf5+ Kg6 37. Qb4 f6 38. Qb6 Qa4 39. Qd8
1-0

[Event "S.W.I.F.T. tournament"]
[Site "Brussels"]
[Date "1992.07.??"]
[Round "1.1"]
[White "Agdestein, Simen"]
[Black "Timman, Jan Hendrik"]
[Result "1-0"]
[WhiteElo "2620"]
[WhiteTitle "GM"]
[BlackElo "2665"]
[BlackTitle "GM"]
[Source "NICBase"]

1. c4 e5 2. Nc3 Nf6 3. Nf3 Nc6 4. e3 Bb4 5. Qc2 O-O 6. Nd5 Re8 7. Qf5 d6
8. Nxf6+ Qxf6 9. Qxf6 gxf6 10. a3 Bc5 11. b4 Bb6 12. Bb2 a5 13. b5 Ne7 14. Be2
d5 15. d4 e4 16. Nd2 a4 17. Rc1 Ba5 18. Bc3 f5 19. c5 Bxc3 20. Rxc3 Bd7 21. O-O
f4 22. Rb1 Ng6 23. b6 c6 24. Bh5 Rf8 25. Rb4 Ra5 26. Rc1 Kg7 27. Nb1 f3 28. gxf3
Nh4 29. fxe4 Kh6 30. Be2 Bh3 31. f3 dxe4 32. fxe4 Rg8+ 33. Kf2 Rg2+ 34. Ke1 Rxh2
35. Nc3 Bg2 36. Kd2 Ra8 37. Kd3 Rh3 38. Bf1 Rg8 39. Rxa4 Rgg3 40. Kc4 Bxf1+
41. Rxf1 Rxe3 42. Nd1 Re2 43. Rf2 Rxe4 44. Rf6+ Kg7 45. Nf2 Ree3 46. Nxh3 Kxf6
47. Nf2 Re2 48. Ng4+ Kg5 49. Ne5 Nf5 50. Nxc6 h5 51. Ne5 h4 52. c6 h3 53. cxb7
Nd6+ 54. Kd3 h2 55. Nf3+ Kf6 56. Nxh2 1-0

[Event "S.W.I.F.T. tournament"]
[Site "Brussels"]
[Date "1992.07.??"]
[Round "1.1"]
[White "Sokolov, Ivan"]
[Black "Chandler, Murray Graham"]
[Result "1-0"]
[WhiteElo "2625"]
[WhiteTitle "GM"]
[BlackElo "2575"]
[BlackTitle "GM"]
[Source "NICBase"]

1. Nf3 c5 2. c4 Nc6 3. Nc3 Nf6 4. e3 e6 5. d4 d5 6. a3 a6 7. dxc5 Bxc5 8. b4
Be7 9. Bb2 O-O 10. cxd5 Nxd5 11. Nxd5 exd5 12. Be2 Bf6 13. Qd2 Bf5 14. O-O Be4
15. Rac1 Bxb2 16. Qxb2 Qe7 17. Rfd1 Rad8 18. Qd2 Rd6 19. Nd4 Nxd4 20. Qxd4 Rfd8
21. Rc3 h6 22. f3 Bg6 23. Rd2 R6d7 24. Bd1 Rc7 25. Bb3 Rxc3 26. Qxc3 Qg5 27. Rd4
Rd6 28. Qd2 Qe7 29. e4 a5 30. Bxd5 Rb6 31. f4 axb4 32. axb4 Ra6 33. h3 Qh4
34. Rd3 b5 35. Kh2 Qe7 36. Qc3 Ra4 37. f5 Bh5 38. Rg3 Qf8 39. f6 g6 40. e5 Rxb4
41. e6 fxe6 42. Bxe6+ Kh8 43. Qe5 g5 44. Rc3 1-0

[Event "S.W.I.F.T. tournament"]
[Site "Brussels"]
[Date "1992.07.??"]
[Round "1.2"]
[White "Karpov, Anatoly Yevgenyevich"]
[Black "Seirawan, Yasser"]
[Result "0-1"]
[WhiteElo "2715"]
[WhiteTitle "GM"]
[BlackElo "2605"]
[BlackTitle "GM"]
[Source "NICBase"]

1. d4 d6 2. e4 g6 3. g3 Bg7 4. Bg2 Nc6 5. Ne2 e5 6. d5 Nce7 7. c4 f5 8. Nbc3
Nf6 9. O-O O-O 10. f4 Nxe4 11. Nxe4 fxe4 12. Bxe4 Bg4 13. Qd3 Qd7 14. Bd2 Nf5
15. fxe5 Bxe2 16. Qxe2 Bxe5 17. Rab1 Rf7 18. Qd3 Raf8 19. Bg2 Qa4 20. a3 Qa6
21. Kh1 Qb6 22. Bh3 Qd4 23. Qxd4 Nxd4 24. Rxf7 Rxf7 25. Kg2 Kg7 26. Bg4 Nb3
27. Be1 Nc5 28. Be2 Na4 29. b4 Nc3 30. Bxc3 Bxc3 31. Rd1 Re7 32. Kf2 a5 33. b5
b6 34. Rd3 Bb2 35. Bf3 Kf6 36. h4 h6 37. Bg2 Re5 38. a4 g5 39. Rf3+ Ke7 40. hxg5
hxg5 41. g4 Bd4+ 42. Kf1 Be3 43. Rh3 Bf4 44. Rh7+ Kd8 45. Rh6 Re3 46. Re6 Be5
47. Rg6 Bg3 48. Bh1 Re1+ 49. Kg2 Bf4 50. Rg8+ Kd7 51. Rg7+ Kc8 52. Rh7 Rc1
53. Rh8+ Kb7 54. Re8 Rxc4 55. Kf2 Rxa4 56. Be4 Rb4 57. Bd3 a4 58. Bf5 Rxb5
59. Bc8+ Ka7 60. Bd7 Rxd5 61. Bc6 Rd2+ 62. Ke1 b5 63. Bxb5 a3 64. Bc4 d5 65. Bb3
c5 66. Re2 c4 67. Ba2 Rb2 68. Kd1 Kb6 69. Rxb2+ axb2 70. Kc2 Bc1 71. Kc3 Kc5
72. Kc2 Kb4 73. Kd1 d4 74. Bb1 d3 75. Ke1 Be3 76. Kd1 Kc5 77. Ke1 Kd4 78. Kd1 c3
79. Bc2 dxc2+ 80. Kxc2 Ke4 81. Kb1 Kd3 82. Ka2 c2 0-1

[Event "S.W.I.F.T. tournament"]
[Site "Brussels"]
[Date "1992.07.??"]
[Round "1.2"]
[White "Timman, Jan Hendrik"]
[Black "Agdestein, Simen"]
[Result "1-0"]
[WhiteElo "2665"]
[WhiteTitle "GM"]
[BlackElo "2620"]
[BlackTitle "GM"]
[Source "NICBase"]

1. e4 e5 2. Nf3 Nc6 3. Bb5 a6 4. Ba4 b5 5. Bb3 Na5 6. O-O d6 7. d4 Nxb3 8. axb3
f6 9. c4 b4 10. Be3 Bb7 11. Nbd2 c5 12. dxc5 dxc5 13. Qe2 Bd6 14. Nh4 g6
15. Rad1 Qc7 16. Qg4 Bc8 17. Qf3 Be6 18. Nf5 Bf8 19. h3 Rd8 20. Ng3 h5 21. Ne2
Kf7 22. Nc1 Kg7 23. Qe2 Bd6 24. Nd3 Ne7 25. f4 exf4 26. Bxf4 Nc6 27. Qf2 Bc8
28. Bxd6 Qxd6 29. Nxc5 Rhf8 30. Nf3 Qxd1 31. Rxd1 Rxd1+ 32. Kh2 Ne5 33. Nxe5
fxe5 34. Qg3 Re8 35. Qg5 Rd4 36. Kg3 Rd6 37. Kh2 Rd4 38. Qe3 Red8 39. Kg3 a5
40. Kh4 Bd7 41. Kg3 Bc8 42. Kh2 Kf6 43. Qf3+ Ke7 44. Qg3 Kf6 45. Qh4+ Kf7
46. Qg5 Re8 47. Qh6 Kf6 48. Qh7 Rd2 49. Qc7 g5 50. Qc6+ Kg7 51. Qxe8 1-0

[Event "S.W.I.F.T. tournament"]
[Site "Brussels"]
[Date "1992.07.??"]
[Round "1.2"]
[White "Sokolov, Ivan"]
[Black "Chandler, Murray Graham"]
[Result "1/2-1/2"]
[WhiteElo "2625"]
[WhiteTitle "GM"]
[BlackElo "2575"]
[BlackTitle "GM"]
[Source "NICBase"]

1. e4 e5 2. Nf3 Nc6 3. Nc3 Nf6 4. Bb5 Nd4 5. Ba4 Bc5 6. Nxe5 O-O 7. Nd3 Bb6
8. e5 Ne8 9. Nd5 d6 10. Ne3 dxe5 11. Nxe5 Qg5 12. Nd3 Bf5 13. O-O Bxd3 14. cxd3
Nd6 15. b4 Qg6 16. Bc2 c6 17. Bb2 Rad8 18. Rc1 Nxc2 19. Qxc2 Nc8 20. d4 Bxd4
21. Qxg6 hxg6 22. Bc3 Nb6 23. Rfe1 Rd7 24. Kf1 Rfd8 25. Rc2 f6 26. Ke2 Kf7
27. Rb1 a6 28. g3 Re8 29. Kf3 Na4 30. h4 Ba7 31. Ke2 Red8 32. Re1 Rd3 33. Rb1
R3d7 34. Re1 Nb6 35. Rb1 Nc8 36. a4 Nd6 37. Kf3 Re8 38. Ke2 Bb6 39. Kf3 Bd8
40. Ke2 f5 41. Kf3 Bf6 42. Ke2 Ne4 43. b5 Bxc3 44. dxc3 cxb5 45. axb5 a5 46. b6
Nxg3+ 47. fxg3 Rde7 48. Kf2 Rxe3 49. Rd1 R3e6 50. Rb2 Rc6 51. Rb3 a4 52. Ra3
Rxb6 53. Rxa4 Rb2+ 54. Kf3 Ree2 55. Kf4 Rg2 56. Rd3 Rbd2 57. Rad4 Rxd3 58. Rxd3
Ke6 59. Kg5 Ke5 60. Re3+ Kd5 61. Rf3 Ke4 62. Rf4+ Ke3 63. Kxg6 Rxg3+ 64. Kxf5
Kd3 65. Rb4 Kxc3 66. Rxb7 Kd2 67. h5 Ke2 68. Rb4 Kf2 69. Ra4 Kg2 70. Rb4 Kh3
71. Ra4 Kg2 1/2-1/2

[Event "S.W.I.F.T. tournament"]
[Site "Brussels"]
[Date "1992.07.??"]
[Round "1.2"]
[White "Kamsky, Gata Rustemovich"]
[Black "Azmaiparashvili, Zurab"]
[Result "1-0"]
[WhiteElo "2655"]
[WhiteTitle "GM"]
[BlackElo "2620"]
[BlackTitle "GM"]
[Source "NICBase"]

1. e4 d6 2. d4 Nf6 3. Nc3 g6 4. Nf3 Bg7 5. Be2 O-O 6. O-O Bg4 7. h3 Bxf3
8. Bxf3 Nc6 9. Ne2 Nd7 10. c3 e5 11. Rb1 a5 12. Be3 a4 13. Qd3 Kh8 14. g3 exd4
15. cxd4 Nde5 16. dxe5 Nxe5 17. Qb5 Nxf3+ 18. Kg2 Ne5 19. Rfd1 b6 20. Rbc1 Ra5
21. Qb4 Nd7 22. Bd4 Nc5 23. Bxg7+ Kxg7 24. Nf4 Qe8 25. f3 Rb5 26. Qd2 Qe5
27. Rc2 f5 28. exf5 Qxf5 29. Qd4+ Qf6 30. Re2 Qxd4 31. Rxd4 Rf7 32. h4 Ra5
33. h5 Ra8 34. Rd5 Rg8 35. hxg6 hxg6 36. Re3 Kf6 37. Rd4 Rgf8 38. b4 axb3
39. axb3 g5 40. Nd5+ Kg6 41. b4 Nb7 42. Rg4 Nd8 43. f4 Rf5 44. Ne7+ Kh5 45. Kh3
Rb5 46. fxg5 Rf1 47. g6 Rh1+ 48. Kg2 Kxg4 49. Kxh1 Rg5 50. Kg2 Kh5 51. Kf3 Kh6
52. Kf4 Rb5 53. Re4 Kg7 54. g4 Kf6 55. Ke3 c5 56. g5+ Kg7 57. Rh4 Ne6 58. Rh7+
Kf8 59. Nf5 cxb4 60. Rh8# 1-0

[Event "S.W.I.F.T. tournament"]
[Site "Brussels"]
[Date "1992.07.??"]
[Round "1.4"]
[White "Speelman, Jonathan Simon"]
[Black "de Firmian, Nicholas Ernest"]
[Result "1-0"]
[PlyCount "55"]
[WhiteElo "2590"]
[WhiteTitle "GM"]
[BlackElo "2570"]
[BlackTitle "GM"]
[Source "NICBase"]

1. b3 c5 2. Bb2 Nc6 3. e3 d6 4. Nf3 e5 5. d4 cxd4 6. exd4 e4 7. Nfd2 d5 8. Be2
f5 9. c4 Nf6 10. Nc3 Be6 11. O-O Nxd4 12. Nxd5 Nxe2+ 13. Qxe2 Nxd5 14. cxd5 Qxd5
15. Rfd1 Qd3 16. Qh5+ g6 17. Qh4 Be7 18. Bf6 g5 19. Bxg5 Rg8 20. Qh5+ Rg6
21. Bxe7 Kxe7 22. Nc4 Qf3 23. Qxh7+ Bf7 24. Rd7+ Kxd7 25. Qxf7+ Kc8 26. Qxg6 Qd3
27. Qe8+ Kc7 28. Qxa8 1-0

[Event "S.W.I.F.T. tournament"]
[Site "Brussels"]
[Date "1992.07.??"]
[Round "2.1"]
[White "Lobron, Eric"]
[Black "Yussupov, Artur Mayakovich"]
[Result "1/2-1/2"]
[PlyCount "65"]
[WhiteElo "2625"]
[WhiteTitle "GM"]
[BlackElo "2640"]
[BlackTitle "GM"]
[Source "NICBase"]

1. d4 d5 2. c4 e6 3. Nc3 Be7 4. Nf3 Nf6 5. Bg5 h6 6. Bh4 O-O 7. e3 Ne4 8. Bxe7
Qxe7 9. cxd5 Nxc3 10. bxc3 exd5 11. Qb3 Rd8 12. Be2 Nc6 13. O-O b6 14. Nd2 Bb7
15. Bf3 Na5 16. Qb4 c5 17. dxc5 Qxc5 18. Qxc5 bxc5 19. Nb3 Nxb3 20. axb3 a5
21. c4 Rd7 22. Rfd1 d4 23. Ra3 Bxf3 24. gxf3 Kf8 25. exd4 cxd4 26. b4 Rc8
27. bxa5 Rxc4 28. a6 Ra7 29. Rb1 Rc6 30. Rb8+ Ke7 31. Rb7+ Rxb7 32. axb7 Rb6
33. Rd3 1/2-1/2

[Event "S.W.I.F.T. tournament"]
[Site "Brussels"]
[Date "1992.07.??"]
[Round "2.1"]
[White "Piket, Jeroen"]
[Black "Timman, Jan Hendrik"]
[Result "1/2-1/2"]
[PlyCount "126"]
[WhiteElo "2625"]
[WhiteTitle "GM"]
[BlackElo "2665"]
[BlackTitle "GM"]
[Source "NICBase"]

1. d4 Nf6 2. c4 e6 3. Nf3 b6 4. g3 Ba6 5. Nbd2 Bb7 6. Bg2 d5 7. O-O Be7 8. cxd5
exd5 9. b3 O-O 10. Bb2 a5 11. Rc1 Na6 12. Re1 c5 13. dxc5 bxc5 14. Nh4 Qd7
15. e4 Nb4 16. e5 Ne8 17. Ne4 Rc8 18. a3 Na6 19. Nd6 Nxd6 20. exd6 Bxh4 21. gxh4
Qxd6 22. Qg4 Qg6 23. Qxg6 hxg6 24. Re7 Bc6 25. Bf1 Ra8 26. Bxa6 Rxa6 27. Rxc5
Rb8 28. Re3 Rb5 29. Rc1 Bd7 30. Bd4 Be6 31. f3 Ra8 32. Kf2 Rbb8 33. Ke2 Rc8
34. Rec3 f6 35. Kd2 Bf5 36. Rxc8+ Bxc8 37. a4 Bh3 38. Rc5 Bg2 39. Ke3 Rb8
40. Rb5 Rxb5 41. axb5 Bf1 42. b6 Ba6 43. Bc3 Kf7 44. Kd4 Ke6 45. Bxa5 Bb7
46. Bb4 Ba8 47. Bc5 Bb7 48. b4 Ba8 49. b5 Bb7 50. Bf8 Kf7 51. Bd6 Ke6 52. Bb8
Kd7 53. f4 Ke6 54. Kc5 Kd7 55. h5 gxh5 56. f5 h4 57. Bf4 h3 58. Bg3 Ba8 59. Kd4
Bb7 60. Be1 Ke7 61. Bb4+ Ke8 62. Kc5 Ke7 63. Kd4+ Ke8 1/2-1/2

[Event "S.W.I.F.T. tournament"]
[Site "Brussels"]
[Date "1992.07.??"]
[Round "2.1"]
[White "Short, Nigel David"]
[Black "Adams, Michael"]
[Result "1/2-1/2"]
[PlyCount "135"]
[WhiteElo "2680"]
[WhiteTitle "GM"]
[BlackElo "2610"]
[BlackTitle "GM"]
[Source "NICBase"]

1. e4 d5 2. exd5 Nf6 3. d4 Nxd5 4. Be2 g6 5. Nf3 Bg7 6. O-O O-O 7. Re1 c6 8. c4
Nf6 9. Nc3 Bg4 10. h3 Bxf3 11. Bxf3 e6 12. Bg5 Qb6 13. Qd2 Nbd7 14. Rad1 Rfe8
15. c5 Qc7 16. b4 Rad8 17. Qc1 Rc8 18. a3 a6 19. Bf4 Qd8 20. Bh2 h5 21. g4 hxg4
22. hxg4 Re7 23. Bd6 Re8 24. Bg3 Re7 25. g5 Nd5 26. Ne4 Nf8 27. Kg2 Rd7 28. Rh1
Qe7 29. Bd6 Rxd6 30. Nxd6 Rd8 31. Qd2 Nh7 32. Bxd5 cxd5 33. f4 Nf8 34. Qe3 Qc7
35. Rh4 Rxd6 36. cxd6 Qxd6 37. Rc1 Qd7 38. Rh2 Qd8 39. Kf3 Nd7 40. Qc3 Nf8
41. Rd2 Qd7 42. Qc5 e5 43. dxe5 Qh3+ 44. Ke2 Ne6 45. Qf2 Qf5 46. Rf1 d4 47. Qf3
a5 48. bxa5 Bf8 49. Qxb7 Nxf4+ 50. Rxf4 Qxf4 51. Qd5 Qe3+ 52. Kd1 Bxa3 53. Qxd4
Qf3+ 54. Kc2 Bf8 55. Qd5 Qf5+ 56. Rd3 Qf2+ 57. Kb3 Qe1 58. Rd2 Qe3+ 59. Kc4 Qa3
60. Kb5 Qb4+ 61. Ka6 Qe7 62. Re2 Qxg5 63. Rf2 Qe7 64. Qd6 Qe8 65. Qd5 Qc8+
66. Kb5 Qb8+ 67. Ka6 Qc8+ 68. Kb5 1/2-1/2

[Event "S.W.I.F.T. tournament"]
[Site "Brussels"]
[Date "1992.07.??"]
[Round "2.2"]
[White "Yussupov, Artur Mayakovich"]
[Black "Lobron, Eric"]
[Result "0-1"]
[PlyCount "66"]
[WhiteElo "2640"]
[WhiteTitle "GM"]
[BlackElo "2625"]
[BlackTitle "GM"]
[Source "NICBase"]

1. d4 e6 2. c4 c5 3. d5 exd5 4. cxd5 d6 5. Nc3 g6 6. e4 Bg7 7. Nge2 Nf6 8. f3
a6 9. a4 Nbd7 10. Bg5 h6 11. Be3 Qe7 12. Nc1 Ne5 13. Be2 Rb8 14. O-O O-O 15. h3
g5 16. f4 gxf4 17. Bxf4 Ng6 18. Bh2 b5 19. axb5 axb5 20. Bf3 b4 21. N3e2 Nh7
22. Nd3 Ng5 23. Nxc5 Bxb2 24. Nd3 Bg7 25. Rb1 Nh4 26. Rxb4 Bxh3 27. Rxb8 Rxb8
28. Rf2 Ngxf3+ 29. gxf3 Bd4 30. Ng3 Ra8 31. Nc1 Bxf2+ 32. Kxf2 Qa7+ 33. Ke1 Qe3+
0-1

[Event "S.W.I.F.T. tournament"]
[Site "Brussels"]
[Date "1992.07.??"]
[Round "3.1"]
[White "Timman, Jan Hendrik"]
[Black "Lobron, Eric"]
[Result "1-0"]
[PlyCount "59"]
[WhiteElo "2665"]
[WhiteTitle "GM"]
[BlackElo "2625"]
[BlackTitle "GM"]
[Source "NICBase"]

1. c4 c5 2. Nf3 e6 3. g3 b6 4. Bg2 Bb7 5. O-O Nf6 6. Nc3 a6 7. d4 cxd4 8. Qxd4
d6 9. b3 Nbd7 10. Bb2 Be7 11. Rfd1 Qc7 12. Qe3 O-O 13. Nd4 Bxg2 14. Kxg2 Rfe8
15. Kg1 Bf8 16. Rac1 Rac8 17. Ne4 Nxe4 18. Qxe4 Qb8 19. a4 d5 20. cxd5 Nf6
21. Qd3 Nxd5 22. Qxa6 Bc5 23. Qd3 Qe5 24. Rc4 Red8 25. Qf3 b5 26. Nc6 Bxf2+
27. Kxf2 Qxb2 28. Nxd8 bxc4 29. Qxf7+ Kh8 30. Qf8# 1-0

[Event "S.W.I.F.T. tournament"]
[Site "Brussels"]
[Date "1992.07.??"]
[Round "3"]
[White "Speelman, Jonathan Simon"]
[Black "Adams, Michael"]
[Result "1/2-1/2"]
[PlyCount "124"]
[WhiteElo "2590"]
[WhiteTitle "GM"]
[BlackElo "2610"]
[BlackTitle "GM"]
[Source "NICBase"]

1. Nf3 Nf6 2. c4 c5 3. Nc3 b6 4. e4 d6 5. d4 cxd4 6. Nxd4 Bb7 7. Nd5 e6
8. Nxf6+ Qxf6 9. Nb5 Qd8 10. Bd3 a6 11. Nc3 Be7 12. O-O O-O 13. Be3 Nd7 14. Rc1
Rc8 15. b3 Bf6 16. Qd2 Qc7 17. Bg5 Qc5 18. Bxf6 Nxf6 19. Rfd1 Rfd8 20. Na4 Qc7
21. Qe3 Nd7 22. Bf1 Bc6 23. Nc3 Qb8 24. Qf4 Nf6 25. a4 Bb7 26. Rd3 e5 27. Qe3
Nd7 28. Qg5 h6 29. Qh4 Nf6 30. Rg3 Kf8 31. Rd1 Qc7 32. Nd5 Bxd5 33. exd5 Re8
34. Bd3 e4 35. Bf1 Re5 36. Re3 Rce8 37. h3 a5 38. Rde1 Qe7 39. Qg3 Nd7 40. Be2
Nc5 41. Rf1 Qg5 42. Qxg5 hxg5 43. Bd1 f5 44. Bc2 f4 45. Re2 Kf7 46. Rd1 Kf6
47. Kf1 R5e7 48. Rde1 g6 49. Kg1 e3 50. Kf1 exf2 51. Kxf2 Rxe2+ 52. Rxe2 Rxe2+
53. Kxe2 Nd7 54. Kf3 Nc5 55. g3 fxg3 56. Kxg3 Nd7 57. Kg4 Ne5+ 58. Kg3 Nf7
59. Kf3 Nh6 60. Bd3 Nf7 61. Bc2 Nh6 62. Bd3 Nf7 1/2-1/2

[Event "S.W.I.F.T. tournament"]
[Site "Brussels"]
[Date "1992.07.??"]
[Round "3.2"]
[White "Georgiev, Kiril Dimitrov"]
[Black "Nikolić, Predrag"]
[Result "0-1"]
[PlyCount "86"]
[WhiteElo "2610"]
[WhiteTitle "GM"]
[BlackElo "2625"]
[BlackTitle "GM"]
[Source "NICBase"]

1. e4 e5 2. Nf3 Nc6 3. d4 exd4 4. Nxd4 Nf6 5. Nxc6 bxc6 6. Nc3 Bb4 7. Bd3 d5
8. exd5 cxd5 9. O-O O-O 10. Bg5 c6 11. Na4 h6 12. Bh4 Bd6 13. Re1 Rb8 14. c3 c5
15. Bc2 Bd7 16. Rb1 g5 17. Bg3 Qc7 18. b4 Bxa4 19. Bxa4 Rfd8 20. a3 a5 21. Bc2
Bxg3 22. hxg3 d4 23. bxc5 Rxb1 24. Qxb1 Qxc5 25. cxd4 Rxd4 26. Qc1 Rc4 27. Qb2
Rc3 28. a4 Kg7 29. Bf5 Rc4 30. Re5 Qd6 31. Rxa5 Qd1+ 32. Kh2 Rc1 33. g4 Qh1+
34. Kg3 Rg1 35. Qb7 Qh4+ 36. Kf3 Qh2 37. Ra7 Qxg2+ 38. Ke2 Qf1+ 39. Ke3 Qc1+
40. Kd3 Rd1+ 41. Ke2 Rd2+ 42. Kf3 Qh1+ 43. Kg3 Qh4+ 0-1

[Event "S.W.I.F.T. tournament"]
[Site "Brussels"]
[Date "1992.07.??"]
[Round "3.3"]
[White "Lobron, Eric"]
[Black "Timman, Jan Hendrik"]
[Result "1/2-1/2"]
[PlyCount "87"]
[WhiteElo "2625"]
[WhiteTitle "GM"]
[BlackElo "2665"]
[BlackTitle "GM"]
[Source "NICBase"]

1. Nf3 c5 2. g3 Nc6 3. Bg2 e5 4. O-O d5 5. c4 d4 6. d3 Nf6 7. e3 Be7 8. exd4
exd4 9. Bf4 O-O 10. Ne5 Nxe5 11. Bxe5 Ng4 12. Bf4 Bd6 13. Bxd6 Qxd6 14. Nd2 Rb8
15. h3 Nf6 16. Qf3 b6 17. Rfe1 Bb7 18. Qf5 Bxg2 19. Kxg2 Rfe8 20. Qf3 Qd7 21. b3
Re6 22. Ne4 Nxe4 23. Rxe4 Rxe4 24. Qxe4 Re8 25. Qf3 g6 26. a3 Kg7 27. h4 Re5
28. b4 Qe6 29. b5 Re2 30. a4 Rd2 31. a5 Qe7 32. axb6 axb6 33. Ra6 Qe6 34. Ra7
Rc2 35. Rc7 Rd2 36. Rc6 Qe1 37. Rxb6 Rd1 38. Kh3 Qf1+ 39. Kh2 Qg1+ 40. Kh3 Qf1+
41. Kh2 Qg1+ 42. Kh3 Qf1+ 43. Kh2 Qg1+ 44. Kh3 1/2-1/2

[Event "S.W.I.F.T. tournament"]
[Site "Brussels"]
[Date "1992.07.??"]
[Round "3"]
[White "Lobron, Eric"]
[Black "Timman, Jan Hendrik"]
[Result "1-0"]
[PlyCount "102"]
[WhiteElo "2625"]
[WhiteTitle "GM"]
[BlackElo "2665"]
[BlackTitle "GM"]
[Source "NICBase"]

1. Nf3 Nf6 2. c4 e6 3. g3 d5 4. Bg2 Be7 5. O-O O-O 6. b3 b6 7. Bb2 Bb7 8. e3
dxc4 9. bxc4 c5 10. Qe2 Nc6 11. d3 Qc7 12. Nc3 Rad8 13. Ne1 a6 14. f4 Na7 15. a4
Bxg2 16. Qxg2 Nc6 17. g4 Nb4 18. g5 Ne8 19. Ne4 Nxd3 20. Nxd3 Rxd3 21. Nf6+ Bxf6
22. gxf6 g6 23. Rad1 Rxe3 24. Be5 Rxe5 25. fxe5 Qxe5 26. Qg3 Qe2 27. Qh4 h5
28. Qf4 Kh7 29. Rd2 Qg4+ 30. Qxg4 hxg4 31. Rd8 g5 32. Rb1 Kg6 33. Rxb6 Kxf6
34. Rxa6 Nc7 35. Rxf8 Nxa6 36. a5 Ke7 37. Ra8 Nc7 38. Rg8 Kd6 39. Rxg5 f5
40. Kf2 Kc6 41. Ke3 Na6 42. Kf4 Kd6 43. Rg8 Nb4 44. Rb8 Nd3+ 45. Kg5 Kc7 46. Rb5
f4 47. Kxg4 Kc6 48. Rb6+ Kd7 49. Rb5 Kc6 50. a6 Ne5+ 51. Kxf4 Nxc4 1-0

[Event "S.W.I.F.T. tournament"]
[Site "Brussels"]
[Date "1992.07.??"]
[Round "5.2"]
[White "Lobron, Eric"]
[Black "Adams, Michael"]
[Result "1-0"]
[PlyCount "109"]
[WhiteElo "2625"]
[WhiteTitle "GM"]
[BlackElo "2610"]
[BlackTitle "GM"]
[Source "NICBase"]

1. Nf3 Nf6 2. c4 e6 3. Nc3 Bb4 4. Qc2 c5 5. a3 Bxc3 6. Qxc3 b6 7. g3 Bb7 8. Bg2
O-O 9. b4 d6 10. Bb2 Nbd7 11. O-O Qe7 12. d3 Rfc8 13. e4 Qf8 14. Rfe1 a6 15. Nd2
Rab8 16. d4 cxd4 17. Qxd4 b5 18. Rac1 Bc6 19. h3 Nb6 20. Qe3 Nfd7 21. Bf1 bxc4
22. Nxc4 Nxc4 23. Rxc4 Bb5 24. Rxc8 Rxc8 25. Bxb5 axb5 26. Qd3 Rb8 27. Rd1 Ne5
28. Bxe5 dxe5 29. Rc1 Qe8 30. Rc5 f6 31. Rc7 Rd8 32. Qe2 Rd7 33. Rc5 Rb7 34. Kg2
h6 35. h4 h5 36. Qc2 Rb8 37. Rc7 Kh7 38. Qc5 Ra8 39. Re7 Qg6 40. Qe3 Ra6 41. Qd3
Rc6 42. Rb7 Rd6 43. Qf3 Rd4 44. Rxb5 Rxe4 45. Rb8 Rxh4 46. b5 e4 47. Qe2 f5
48. Qd1 e3 49. Qd8 Qg4 50. Qg8+ Kh6 51. Qxe6+ Kh7 52. Qg8+ Kh6 53. Rb6+ g6
54. Qf8+ Kg5 55. f4+ 1-0